000 00720nam a2200253 a 4500
008
020 _a0256070121 (hbk.)
049 _aMAIN
090 _aHB172
_bDEN
100 1 _aDenzau, Arthur.
245 1 0 _aMicroeconomic analysis :
_bmarkets & dynamics /
_cArthur T. Denzau.
260 _aHomewood, IL. :
_bIrwin ,
_cc1992.
300 _axxiv, 854 p. ;
_c24 cm.
504 _aIncludes bibliographical references.
500 _aIncludes index.
650 0 _aMicroeconomics.
650 0 _aDecision making.
650 0 _aCompetition.
907 _a.b10079956
_b05-05-09
_c02-07-03
003
005 20230123133316.0
040 _cNUST
942 _cBOOKS
_kHB172
_mDEN
999 _c146365
_d146365